[Event "Corsica CC op 32th"]
[Site "Bastia"]
[Date "2008.11.28"]
[Round "?"]
[White "Roux, Yvan"]
[Black "Rochault, Thierry"]
[Result "1-0"]
[WhiteElo "1520"]
[BlackElo "1440"]
[PlyCount "63"]
[EventDate "2008.11.08"]
[EventType "swiss"]
[EventRounds "5"]
[EventCountry "FRA"]
[SourceTitle "CBM 127 Extra"]
[Source "ChessBase"]
[SourceDate "2009.01.08"]
[SourceVersion "2"]
[SourceVersionDate "2009.01.28"]
[SourceQuality "1"]

1. d4 d5 2. c4 Nc6 3. e3 Nf6 4. Nf3 Bg4 5. Nbd2 e5 6. Be2 e4 7. Ng1 Qd7 8. f3 exf3 9. Ngxf3 Qf5 10. a3 a6 11. Nf1 Ne4 12. Qd3 Rb8 13. Bd2 b5 14. cxd5 Qxd5 15. Ng3 Nxg3 16. hxg3 Bd6 17. e4 Bxg3+ 18. Kd1 Qd7 19. d5 Rd8 20. Rc1 Ne5 21. Nxe5 Bxe5 22. Bc3 f6 23. Bxe5 fxe5 24. Qg3 Bxe2+ 25. Kxe2 Qe7 26. Rhf1 g6 27. Rc6 Rd6 28. Rxc7 Qxc7 29. Qxe5+ Qe7 30. Qxh8+ Kd7 31. Qd4 Rxd5 32. Qxd5+ 1-0

[Event "Bastiais Master 7th"]
[Site "Bastia"]
[Date "2008.01.??"]
[Round "?"]
[White "Goulard, Jean Philippe"]
[Black "Roux, Yvan"]
[Result "1-0"]
[WhiteElo "1520"]
[BlackElo "1520"]
[PlyCount "36"]
[EventDate "2008.02.01"]
[EventType "swiss"]
[EventRounds "9"]
[EventCountry "FRA"]
[SourceTitle "EXT 2009"]
[Source "ChessBase"]
[SourceDate "2008.11.26"]
[SourceVersion "1"]
[SourceVersionDate "2008.11.26"]
[SourceQuality "1"]

1. e4 e6 2. Nf3 c5 3. Be2 Nc6 4. c3 g6 5. 0-0 Bg7 6. d3 d6 7. Be3 Nf6 8. Qd2 e5 9. Bh6 Bxh6 10. Qxh6 Bg4 11. h3 Bxf3 12. Bxf3 Ne7 13. Nd2 Kd7 14. Qg5 Neg8 15. Nc4 h6 16. Qd2 h5 17. d4 Ke7 18. dxe5 dxe5 1-0